000
00300nam a22001337a 4500
008
170627b xxu||||| |||| 00| 0 eng d
020
_a
9780394740188
041
_a
eng
080
_a
82
100
_a
21
101
_a
GJL
245
_a
AMERICAN INDIAN MYTHS AND LEGENDS
_c
ERDOES,R
942
_2
udc
_c
BK
999
_c
19258
_d
19258